1192 1831 1206 1387 1228 1275 1777 1466 1758 1031 1387 1690 1999 1394 1874 1702 1834 1374 1166 1596 1311 1971 1072 1344 1534 1974 1459 1923 1706 1499 1377 1645 1733 1250 1780 1293 1719 1180 1701 1621 1901 1155 1257 1819 1395 1543 1518 1983 1207 1149 1080 1079 1707 1589 1785 1644 1804 1045 1878 1024 1181 1044 1756 1951 1260 1952 1544 1139 1291 1659 1939 1762 1102 1803 1672 1252 1395 1553 1324 1114 1605 1926 1096 1399 1794 1463 1361 1474 1031 1443 1104 1556 1993 1650 1614 1902 1829 1367 1892 BCNSPRNW ULIB Ver.6.0+V

เปลี่ยนเป็นภาษาไทย

Change to English
 แสดงรายละเอียดบรรณานุกรม
  กลับหน้าหลัก

Brief Record : Get Marc (ISO 2709) : E-mail record : QR code < ปิดหน้าต่าง
LEADER : 00000nam 2200000uu 4500
001    13399112545
003     ULIB
008    110824s2554||||th 000 0 tha d
020    9786165001298
090    นว.^bณ429ค 2554
100 0  ณารา
245 00 คุณชายธราธร/^cณารา
250    พิมพ์ครั้งที่ 4
260    กรุงเทพฯ :^bพิมพ์คำ,^c2554
300    420 หน้า
490 0  นวนิยายชุด สุภาพบุรุษจุฑาเทพ
945    ^p260^l0^i18514
995    กัณชพร
999    ^aใช้งานได้ทุกระบบ
รายการนี้ยังไม่มีแท็ก
คุณยังไม่ได้ล็อกอิน คุณสามารถมีกิจกรรมร่วมกับเว็บไซต์ได้ แต่ต้องล็อกอินก่อน ::
  ล็อกอิน

รายการสื่อสารสนเทศ

ลำดับที่ ประเภท เลขเรียก/บาร์โค้ด สถานที่ สถานะ
1. นวนิยาย
นวนิยาย
นว. ณ429ค 2554  
  Barcode: 18514
ห้องสมุดวิทยาเขตสวรรค์ประชารักษ์
►นวนิยาย
บนชั้น
  ขอยืม

รายการใกล้เคียง
    ผู้แต่ง [ณารา]

BibComment


ยังไม่เคยถูกคอมเมนท์

คอมเมนท์ทรัพยากรรายการนี้
  คอมเมนท์: คุณชายธราธร ณารา


 Copyright 2026. Bcnsprnw @Library